000
00165nam a22000857a 4500
082
_a
823
100
_a
SINGH, AMRITA
245
_a
KING THUTMOSE & THE SPHINX
942
_c
BK
999
_c
8084
_d
8084